Maiores Países por População (atualizado) - Statistics

Estatísticas Gerais
  • Esse quiz foi jogado 152 vezes
  • A pontuação média é 13 de 15
Estatísticas das Respostas
Top População País % Correto
2 1,4 B China
100%
7 203 M Brasil
99%
3 339 M Estados Unidos
99%
1 1,4 B Índia
99%
9 146 M Rússia
94%
10 134 M México
93%
4 277 M Indonésia
91%
12 124 M Japão
88%
6 224 M Nigéria
87%
5 240 M Paquistão
84%
8 173 M Bangladesh
78%
14 102 M Egito
77%
13 110 M Filipinas
63%
15 97 M Vietnã
60%
11 125 M Etiópia
52%
Nenhum quiz correspondente encontrado
Distribuição das Pontuações
Porcentagem de Pessoas com Cada Pontuação
Percentil de Números Respondidos
Sua Pontuação Histórica
Você não jogou esse quiz